Αφηγήσεις για το Δημοκρατικό Στρατό

Αποθηκεύτηκε σε:
Λεπτομέρειες βιβλιογραφικής εγγραφής
Κύριος συγγραφέας: Μούστος, Μενέλαος
Μορφή: Βιβλίο
Γλώσσα:Greek
Δημοσίευση: [χ.τ.] : Πολιτικές και λογοτεχνικές εκδόσεις, 1954.
Θέματα:
Ετικέτες: Προσθήκη ετικέτας
Δεν υπάρχουν, Καταχωρήστε ετικέτα πρώτοι!

MARC

LEADER 00000cam a2200000 a 4500
001 1/114258
008 170606s1954####xx | ||| |||| ||gre||
040 |a GR-MyUa  |b gre  |c GR-MyUa  |e AACR2 
041 0 |a gre 
082 7 |a 938.774   |2 (23) 
100 1 |a Μούστος, Μενέλαος. 
245 1 0 |a Αφηγήσεις για το Δημοκρατικό Στρατό /   |c Μενέλαου Μούστου (Δάφνη)  
260 |a [χ.τ.] :   |b Πολιτικές και λογοτεχνικές εκδόσεις,   |c 1954.  
300 |a 119 σ. ;   |c 21 εκ.  
506 1 |a Μόνο για ανάγνωση. Βρίσκεται σε ειδικό ράφι. Διαθέσιμο εάν ζητηθεί.  
610 2 0 |a Δημοκρατικός Στρατός Ελλάδας. 
651 0 |a Greece  |x History  |y Civil War, 1944-1949  |x Personal narratives. 
852 |a INST  |b LESVOS  |e 20170606  |h 938.774 ΑΦΗ  |p 005100059561  |q 005100059561  |t BK  |y 0 
970 |a Τζαφέρη  |b Ευαγγελία  |z 06-06-2017